| 000 | 01951cam a22004457a 4500 | ||
|---|---|---|---|
| 003 | CHAP | ||
| 005 | 20220329142536.0 | ||
| 008 | 010925d2001 mx abd r 00110 spa d | ||
| 010 | _a84719 | ||
| 011 | _a85691 | ||
| 020 | _a968516701X | ||
| 035 | _a96226 | ||
| 040 | _cCHAP | ||
| 082 | 0 | 4 |
_a631.874 _bG8 |
| 100 | 0 | 0 |
_aGuerrero Jiménez, Trinidad Cristina. _951223 |
| 245 | 1 | 3 |
_aEl uso de mucuna como abono verde y cultivo de cobertura: _buna evaluación campesina en el sureste de México _c/por Cristina Guerrero Jiménez, Balente Herrera Hernández y Tzinnia Carranza López |
| 260 |
_aMéxico, D.F. : _bFundación Rockefeller. Red de Gestión de Recursos Naturales, _c2001 |
||
| 300 |
_a157 p. : _bilus. ; mapa ; cuadros ; diagrama |
||
| 410 | 2 | 1 | _aFundación Rockefeller. Red de Gestión de Recursos Naturales |
| 490 | 0 | _aEstudios de caso sobre participación campesina en generación, validación y transferencia de tecnología | |
| 590 |
_aBATCH-UPD _b10 _c20130109 _lUCH01 _h2324 |
||
| 590 |
_aBATCH-UPD _b10 _c20130110 _lUCH01 _h0411 |
||
| 590 |
_aBATCH-UPD _b10 _c20130110 _lUCH01 _h2048 |
||
| 590 |
_aBATCH-UPD _b10 _c20130409 _lUCH01 _h1847 |
||
| 590 |
_aBATCH-UPD _b10 _c20130410 _lUCH01 _h0046 |
||
| 590 |
_aBATCH-UPD _b10 _c20130410 _lUCH01 _h1527 |
||
| 590 |
_aBATCH-UPD _b10 _c20130913 _lUCH01 _h1840 |
||
| 590 |
_aCONVERSION _b10 _c20130109 _lUCH01 _h1347 |
||
| 650 | 1 | 4 |
_aAbonos verdes. _9282 |
| 650 | 1 | 4 |
_aCultivos de cobertura. _930371 |
| 650 | 1 | 4 |
_aMucuna. _979257 |
| 700 | 0 |
_aCarranza López, Tzinnia. _919331 |
|
| 700 | 0 |
_aHerrera Hernández, Obeimar Balente. _954893 |
|
| 810 | 0 | 0 |
_aFundación Rockefeller. Red de Gestión de Recursos Naturales _944009 |
| 830 | 0 | 0 |
_aEstudios de caso sobre participación campesina en generación, validación y transferencia de tecnología _938519 |
| 901 | _aBK | ||
| 905 | _aMarco A. Mendoza T. | ||
| 942 | _cLIBRO | ||
| 949 |
_a631.874 G8 _bBC _cLIBRO _d33724000854485 _eLIBRO _h101683 _i96226 _si |
||
| 999 |
_c84719 _d84719 |
||